| 000 | 00772nam a2200217 a 4500 | ||
|---|---|---|---|
| 001 | 000044959 | ||
| 005 | 20240412074304.0 | ||
| 008 | 150127s2014 dr 000 f spa d | ||
| 020 | _a9789945081398 | ||
| 040 |
_aDO-SdBNP _bspa _cBNPHU |
||
| 082 |
_aRD863.44 _bE56n |
||
| 100 | 1 |
_aEncarnación Antuna, César Bolívar _972979 |
|
| 245 | 1 | 0 |
_aNhayhelhev / _cCésar Bolívar Encarnación Antuna. |
| 260 |
_aMonseñor Nouel, Bonao, República Dominicana : _bTalleres gráficos Full color, _c2014. |
||
| 300 |
_a20 P. ; _c21 cm. |
||
| 500 | _aIncluye datos biografícos del autor en la contraportada del libro. | ||
| 590 | _aInventariado, 2020/BT | ||
| 650 | 0 |
_aPoesía dominicana _966 |
|
| 650 | 0 |
_aLiteratura dominicana. _967 |
|
| 910 | _aValidado. Control de calidad MFF | ||
| 999 |
_c44448 _d44448 |
||